Histoire de France par lettre - J - Statistiques

Statistiques générales
  • Ce quiz a été pris 27 595 fois
  • Le résultat moyen est 11 sur 20
Statistiques - réponses
Indices Réponses % Correct
"Pucelle d'Orléans" brûlée vive en 1431 Jeanne d'Arc
99%
Article de Zola publié dans L'Aurore en 1898 défendant le capitaine Dreyfus J'accuse...!
94%
Chamonix 1924, Grenoble 1968, Albertville 1992 Jeux olympiques d'hiver
93%
Autre maréchal, au nom de mois de l'année Alphonse Juin
88%
Prénom porté par Ferry, Dumont d'Urville ou encore Grévy Jules
88%
Régime politique du royaume de 1830 à 1848 Monarchie de {Juillet}
77%
Engagement à mettre fin à l'Ancien Régime pris par 576 députés le 20 juin 1789 Serment du {Jeu} {de} {paume}
75%
Ile au large de la Normandie rattachée à la couronne britannique depuis 1259 Jersey
65%
Socialiste pacifiste assassiné à la veille de la Grande Guerre Jean Jaurès
56%
Premier ministre entre 1995 et 1997 et maire de Bordeaux deux décennies durant Alain Juppé
53%
Impératrice de 1804 à 1809 puis douairière de 1809 à 1814 Joséphine de Beauharnais
48%
Maréchal de France et généralissime des armées françaises de 1914 à 1916 Joseph Joffre
42%
Congrégation catholique expulsée en 1764, 1880 et 1901, elle était en charge de nombreux établissements d'enseignement dont Louis-le-Grand et Sainte-Geneviève Jésuites
38%
Club influent au cours de la Révolution défendant l'égalité et la souveraineté populaire Clubs des {Jacobins}
37%
Canton suisse actuel dont le territoire correspond à celui de la République rauracienne, première république sœur de la France après la Révolution Jura
37%
Plage du débarquement du secteur anglo-canadien Juno
32%
Soulèvement paysan éclatant en 1358, en pleine guerre de Cent Ans Jacquerie
18%
Ecrivain célèbre pour le récit de son enfance juive sous l'occupation, Un sac de billes Joseph Joffo
18%
Doctrine théologique dont Pascal fut l'un des plus éminents ambassadeurs Jansénisme
16%
Ville d'Indre-et-Loire depuis laquelle Charles Martel lança sa poursuite des Sarrasins en 732 Joué-lès-Tours
11%
Aucun quiz correspondant
Distribution des résultats
% des personnes avec chaque résultat
Percentile par nombre de réponses
Votre historique - résultats
Vous n’avez pas pris ce quiz